[Event "DEM U10 2016"]
[Site "Willingen GER"]
[Date "2016.05.17"]
[Round "5"]
[White "Bui, Bao Anh Le"]
[Black "Felten, Maximilian"]
[Result "1-0"]
[Termination "normal"]
[Board "5"]
[WhiteElo "1659"]
[BlackElo "1369"]
[WhiteClock "00:47:03"]
[BlackClock "01:03:23"]
[PlyCount "53"]
[WhiteFideId "12970719"]
[BlackFideId "4004949"]
[EventCountry "GER"]
[EventRounds "11"]
[EventType "swiss"]
[EventDate "2016.05.14"]

1. e4 e6 2. d4 d5 3. Nc3 Nf6 4. Bg5 dxe4 5. Nxe4 Be7 6. Bxf6 Bxf6 7. Nf3 Nd7 8.
Qd2 O-O 9. O-O-O b6 10. Bb5 Nb8 11. c3 a6 12. Bd3 Nd7 13. h4 Be7 14. Bc2 Bb7
15. Qd3 Bxe4 16. Qxe4 Nf6 17. Qd3 c5 18. Ng5 g6 19. Qf3 Qd5 20. Ne4 Qd8 21.
dxc5 Qc7 22. Nxf6+ Bxf6 23. Qxf6 bxc5 24. h5 gxh5 25. Bxh7+ Kxh7 26. Rxh5+ Kg8
27. Rh8# 1-0

[Event "DEM U10 2016"]
[Site "Willingen GER"]
[Date "2016.05.17"]
[Round "5"]
[White "Metzdorf, Matteo"]
[Black "Laux, Dominik"]
[Result "1/2-1/2"]
[Termination "normal"]
[Board "6"]
[WhiteElo "1211"]
[BlackElo "1529"]
[WhiteClock "00:31:21"]
[BlackClock "00:28:19"]
[PlyCount "45"]
[WhiteFideId "16209869"]
[BlackFideId "12994219"]
[EventCountry "GER"]
[EventRounds "11"]
[EventType "swiss"]
[EventDate "2016.05.14"]

1. e4 d5 2. exd5 Nf6 3. d4 Bg4 4. f3 Bf5 5. c4 e6 6. dxe6 Bb4+ 7. Bd2 Bxd2+ 8.
Qxd2 fxe6 9. Nc3 O-O 10. O-O-O Qd7 11. g4 Bg6 12. Nge2 Rd8 13. h4 Qc6 14. Ng1
a6 15. h5 Bf7 16. h6 g6 17. g5 Ne8 18. Kb1 Nd6 19. d5 exd5 20. Nxd5 Bxd5 21.
Qxd5+ Qxd5 22. Rxd5 Nc6 23. c5 1/2-1/2

[Event "DEM U10 2016"]
[Site "Willingen GER"]
[Date "2016.05.17"]
[Round "5"]
[White "Wagner, Leopold Franziskus"]
[Black "Grunert, Wilhelm"]
[Result "1-0"]
[Termination "normal"]
[Board "7"]
[WhiteElo "1844"]
[BlackElo "1374"]
[WhiteClock "00:07:28"]
[BlackClock "00:36:43"]
[PlyCount "130"]
[WhiteFideId "1641581"]
[BlackFideId "12995673"]
[EventCountry "GER"]
[EventRounds "11"]
[EventType "swiss"]
[EventDate "2016.05.14"]

1. d4 Nf6 2. c4 g6 3. Nf3 Bg7 4. e3 O-O 5. Nc3 d6 6. Be2 Nc6 7. O-O e5 8. Re1
Ne8 9. d5 Ne7 10. e4 f5 11. Nd2 f4 12. f3 Nf6 13. Qb3 g5 14. Nd1 Ng6 15. Nf2 h5
16. Nf1 g4 17. Qd1 Qd7 18. b4 Nh8 19. c5 Nf7 20. a4 Nh6 21. Ba3 Rd8 22. Rc1 Qf7
23. b5 Bf8 24. Qc2 Qg7 25. Nh1 h4 26. fxg4 Nhxg4 27. cxd6 cxd6 28. Nf2 Ne3 29.
Nxe3 fxe3 30. Nh1 Bh3 31. Bf3 Rac8 32. Qe2 Rxc1 33. Rxc1 Qg5 34. Rc3 Bh6 35.
Bc1 Rc8 36. Bxe3 Qg6 37. Rxc8+ Bxc8 38. Nf2 Bxe3 39. Qxe3 b6 40. Kf1 Bg4 41.
Qc3 Bxf3 42. Qxf3 Kh7 43. Ke2 Qh5 44. Qxh5+ Nxh5 45. Nd3 Nf6 46. Kf3 Nd7 47.
Kg4 Nf6+ 48. Kf5 Nd7 49. Ke6 Nc5+ 50. Nxc5 bxc5 51. a5 c4 52. b6 axb6 53. axb6
c3 54. b7 c2 55. b8=Q c1=Q 56. Qxd6 Qh6+ 57. Kxe5 Qg5+ 58. Ke6 Qxg2 59. Qe7+
Kg8 60. Qxh4 Qg6+ 61. Ke5 Qe8+ 62. Kd6 Qg6+ 63. Kd7 Qg7+ 64. Qe7 Qg4+ 65. Qe6+
Qxe6+ 1-0

[Event "DEM U10 2016"]
[Site "Willingen GER"]
[Date "2016.05.17"]
[Round "5"]
[White "Schubert, Nikita"]
[Black "Hänselmann, Hendrik"]
[Result "1-0"]
[Termination "normal"]
[Board "8"]
[WhiteElo "1652"]
[BlackElo "1000"]
[WhiteClock "00:15:06"]
[BlackClock "00:38:50"]
[PlyCount "97"]
[WhiteFideId "16212339"]
[BlackFideId "16232755"]
[EventCountry "GER"]
[EventRounds "11"]
[EventType "swiss"]
[EventDate "2016.05.14"]

1. d4 d5 2. Nf3 Nc6 3. e3 Bg4 4. Be2 Nf6 5. Nbd2 e6 6. O-O Bd6 7. c4 O-O 8. a3
a5 9. b3 Ne4 10. Nxe4 dxe4 11. Nd2 Qh4 12. g3 Bxe2 13. Qxe2 Qh3 14. Nxe4 Ne7
15. c5 Nf5 16. cxd6 cxd6 17. Bb2 Rac8 18. Rac1 b5 19. Rxc8 Rxc8 20. Qxb5 h6 21.
Qxa5 Rc2 22. Bc1 d5 23. Nd2 h5 24. Qd8+ Kh7 25. Qg5 h4 26. gxh4 Nxh4 27. Qg3
Qxg3+ 28. fxg3 Nf5 29. Re1 Nxe3 30. Rxe3 Rxc1+ 31. Kf2 Rc2 32. Ke2 Kg6 33. b4
Kf6 34. b5 Rb2 35. Rb3 Rxb3 36. Nxb3 Ke7 37. a4 Kd8 38. a5 Kc7 39. b6+ Kb8 40.
Nc5 Ka8 41. a6 Kb8 42. b7 e5 43. Nd7+ Kc7 44. b8=Q+ Kxd7 45. Qxe5 f6 46. Qxd5+
Ke7 47. a7 f5 48. a8=Q f4 49. Qad8# 1-0

[Event "DEM U10 2016"]
[Site "Willingen GER"]
[Date "2016.05.17"]
[Round "5"]
[White "Bungarten, Jona"]
[Black "Gluma, Christian"]
[Result "0-1"]
[Termination "normal"]
[Board "9"]
[WhiteElo "1466"]
[BlackElo "1468"]
[WhiteClock "00:58:00"]
[BlackClock "00:12:48"]
[PlyCount "104"]
[WhiteFideId "16223608"]
[BlackFideId "16223209"]
[EventCountry "GER"]
[EventRounds "11"]
[EventType "swiss"]
[EventDate "2016.05.14"]

1. e4 e5 2. Nf3 Nc6 3. Bc4 Bc5 4. b4 Bxb4 5. c3 Bc5 6. d4 exd4 7. O-O Nge7 8.
cxd4 Bb6 9. Bb2 O-O 10. Nbd2 d5 11. Be2 Re8 12. Rc1 h6 13. e5 Bf5 14. Bb5 Rc8
15. Ba3 a6 16. Ba4 Bd7 17. Bb2 Na5 18. Bc2 Nec6 19. Re1 Bg4 20. Ba4 Re6 21. h3
Bh5 22. g4 Bg6 23. Bc2 Nb4 24. Bxg6 Rxg6 25. Rb1 Qd7 26. a3 Nd3 27. Re3 Nf4 28.
Nh2 h5 29. Rg3 c5 30. Ndf1 Bd8 31. gxh5 Rxg3+ 32. fxg3 Nxh3+ 33. Kg2 Ng5 34. g4
Bb6 35. dxc5 Bxc5 36. Qd2 Qb5 37. Qxg5 Qe2+ 38. Kh1 Qe4+ 39. Nf3 Qxb1 40. N3d2
Qxb2 41. h6 Bf8 42. h7+ Kh8 43. Qf5 Rc7 44. g5 Qc2 45. Qf4 Qxh7+ 46. Kg2 Qg6
47. e6 Re7 48. exf7 Rxf7 49. Qh4+ Kg8 50. Ne3 Qe6 51. Ndf1 Bc5 52. Ng4 Qe2+ 0-1

[Event "DEM U10 2016"]
[Site "Willingen GER"]
[Date "2016.05.17"]
[Round "5"]
[White "Schwartz, Oliver"]
[Black "Nitsche, Nikolai"]
[Result "1-0"]
[Termination "normal"]
[Board "10"]
[WhiteElo "1440"]
[BlackElo "1371"]
[PlyCount "67"]
[WhiteFideId "16207459"]
[BlackFideId "16221036"]
[EventCountry "GER"]
[EventRounds "11"]
[EventType "swiss"]
[EventDate "2016.05.14"]

1. e4 c5 2. Nf3 Nc6 3. Bb5 a6 4. Bxc6 bxc6 5. O-O g6 6. Nc3 Bg7 7. d4 cxd4 8.
Nxd4 Nf6 9. Be3 O-O 10. h3 Qc7 11. Qd2 Rb8 12. Rab1 c5 13. Nb3 d6 14. Rfe1 Bb7
15. Bf4 Nd7 16. Rbd1 Ne5 17. Nd5 Qd8 18. Bg5 Nc6 19. c3 f6 20. Bh6 a5 21. Nf4
Bc8 22. Qd5+ Kh8 23. Bxg7+ Kxg7 24. Qxc6 Bd7 25. Qd5 Rc8 26. Ne6+ Bxe6 27. Qxe6
a4 28. Nd2 Re8 29. Nc4 Qc7 30. Ne3 Qb7 31. Rd2 Qa7 32. Red1 Red8 33. Nd5 Rd7
34. Nb6 1-0

[Event "DEM U10 2016"]
[Site "Willingen GER"]
[Date "2016.05.17"]
[Round "5"]
[White "Strehse, Nelson"]
[Black "Farokhi, Keyvan"]
[Result "1-0"]
[Termination "normal"]
[Board "11"]
[WhiteElo "1354"]
[BlackElo "1585"]
[PlyCount "115"]
[WhiteFideId "16228898"]
[BlackFideId "12998630"]
[EventCountry "GER"]
[EventRounds "11"]
[EventType "swiss"]
[EventDate "2016.05.14"]

1. e4 e5 2. Nf3 Nc6 3. Nc3 Nf6 4. d4 exd4 5. Nxd4 Bb4 6. Nxc6 bxc6 7. Bd3 d5 8.
exd5 O-O 9. O-O cxd5 10. Bg5 c6 11. Qf3 h6 12. Bxf6 Qxf6 13. Qxf6 gxf6 14. Ne2
Bd6 15. Nd4 c5 16. Nf5 Bxf5 17. Bxf5 Rab8 18. b3 Rfe8 19. Rae1 Re5 20. Bd3 Rbe8
21. Rxe5 fxe5 22. c4 e4 23. Be2 d4 24. Re1 f5 25. f3 d3 26. Bxd3 exd3 27. Rxe8+
Kf7 28. Re1 d2 29. Rd1 Bf4 30. g3 Be3+ 31. Kf1 f4 32. g4 Ke6 33. Ke2 Kf6 34.
Rxd2 Bxd2 35. Kxd2 h5 36. h3 h4 37. Kd3 Ke5 38. a3 a5 39. a4 Kf6 40. Ke4 Kg5
41. Kd5 Kf6 42. Kxc5 Ke5 43. g5 Kf5 44. Kd5 Kxg5 45. c5 Kf6 46. Kd6 Kf7 47. Kd7
Kf6 48. c6 Ke5 49. c7 Kd4 50. c8=Q Ke3 51. Qc3+ Kf2 52. Ke6 Kg3 53. Kf5 Kxh3
54. Kxf4 Kg2 55. Kg4 h3 56. Qd2+ Kf1 57. Kxh3 Kg1 58. Qe1# 1-0

[Event "DEM U10 2016"]
[Site "Willingen GER"]
[Date "2016.05.17"]
[Round "5"]
[White "Schlie, Johann"]
[Black "Hagenbeck-Hübert, Ben"]
[Result "1-0"]
[Termination "normal"]
[Board "12"]
[WhiteElo "1244"]
[BlackElo "1428"]
[PlyCount "45"]
[WhiteFideId "16211596"]
[BlackFideId "16230779"]
[EventCountry "GER"]
[EventRounds "11"]
[EventType "swiss"]
[EventDate "2016.05.14"]

1. e4 e5 2. Bc4 Nf6 3. d3 Nc6 4. Nc3 Bb4 5. f4 d5 6. exd5 Nxd5 7. Bxd5 Qxd5 8.
Qf3 Qd4 9. Nge2 Qc5 10. fxe5 Qxe5 11. O-O O-O 12. Bf4 Qc5+ 13. Kh1 Nd4 14. Nxd4
Qxd4 15. Nd5 Bd6 16. Nxc7 Bxc7 17. Bxc7 Qxb2 18. Bd6 Be6 19. Bxf8 Rxf8 20. Rae1
Qxa2 21. c4 b6 22. Rxe6 b5 23. Re8 1-0

[Event "DEM U10 2016"]
[Site "Willingen GER"]
[Date "2016.05.17"]
[Round "5"]
[White "Toval, David"]
[Black "May, Ben-Iven"]
[Result "1-0"]
[Termination "normal"]
[Board "13"]
[WhiteElo "1516"]
[BlackElo "1330"]
[PlyCount "55"]
[WhiteFideId "12992755"]
[BlackFideId "16229673"]
[EventCountry "GER"]
[EventRounds "11"]
[EventType "swiss"]
[EventDate "2016.05.14"]

1. e4 c5 2. c3 d5 3. exd5 Qxd5 4. d4 Nc6 5. Nf3 Bg4 6. Be2 cxd4 7. cxd4 Bxf3 8.
Bxf3 Qd7 9. Be3 Nf6 10. Nc3 g6 11. O-O Bg7 12. Qd2 O-O 13. Rac1 Rfd8 14. Rfd1
e6 15. a3 a5 16. Na4 Qe8 17. Nc5 b6 18. Nb7 Ne5 19. Nxd8 Nxf3+ 20. gxf3 Rxd8
21. Qe2 Nd5 22. Rc2 f5 23. Bg5 Rd7 24. Rdc1 Nf6 25. Rc8 Rd8 26. Rxd8 Qxd8 27.
Qxe6+ Kf8 28. Rc8 1-0

[Event "DEM U10 2016"]
[Site "Willingen GER"]
[Date "2016.05.17"]
[Round "5"]
[White "Lehmann, Nils"]
[Black "Kodalle, Dominik"]
[Result "1/2-1/2"]
[Termination "normal"]
[Board "14"]
[WhiteElo "1461"]
[BlackElo "1399"]
[PlyCount "71"]
[WhiteFideId "12982610"]
[BlackFideId "16208722"]
[EventCountry "GER"]
[EventRounds "11"]
[EventType "swiss"]
[EventDate "2016.05.14"]

1. e4 c5 2. Nf3 d6 3. d4 cxd4 4. Nxd4 Nf6 5. Nc3 a6 6. Be3 e6 7. Bd3 Be7 8. O-O
b5 9. a3 Bb7 10. Qe2 Nbd7 11. Rad1 Nc5 12. f3 O-O 13. Kh1 Rc8 14. Rfe1 Nfd7 15.
Qd2 Nb6 16. Re2 Nba4 17. Nxa4 Nxa4 18. c3 Nc5 19. Bc2 Nd7 20. Rb1 Ne5 21. Bf2
Nc4 22. Qd3 Qc7 23. Ree1 Na5 24. Rec1 Bg5 25. Be3 Bxe3 26. Qxe3 d5 27. e5 h6
28. Qd3 g6 29. Qe3 Kg7 30. Qd3 Rce8 31. f4 Qc4 32. Qg3 Bc8 33. Bd3 Qc7 34. Rd1
Nb7 35. Rdc1 Nc5 36. Bc2 1/2-1/2

[Event "DEM U10 2016"]
[Site "Willingen GER"]
[Date "2016.05.17"]
[Round "5"]
[White "Werner, Denis"]
[Black "Lox, Nils Norman"]
[Result "1/2-1/2"]
[Termination "normal"]
[Board "15"]
[WhiteElo "1397"]
[BlackElo "1480"]
[PlyCount "76"]
[WhiteFideId "16226429"]
[BlackFideId "16221389"]
[EventCountry "GER"]
[EventRounds "11"]
[EventType "swiss"]
[EventDate "2016.05.14"]

1. c4 e5 2. Nc3 Nc6 3. g3 g6 4. Bg2 Bg7 5. d3 Nge7 6. e3 O-O 7. Nge2 d6 8. O-O
Be6 9. b3 Qd7 10. Bb2 Bh3 11. d4 Bxg2 12. Kxg2 exd4 13. Nxd4 Nxd4 14. exd4 f5
15. Ne2 h6 16. f4 Kh7 17. Qc2 Ng8 18. d5 Nf6 19. Nd4 Rf7 20. Ne6 Bh8 21. Rad1
Ne4 22. Bxh8 Rxh8 23. Qb2 Re8 24. Rfe1 Ree7 25. Qd4 b6 26. b4 Qa4 27. Qb2 c5
28. bxc5 bxc5 29. Qb3 Qxb3 30. axb3 Re8 31. Rd3 a5 32. Ra1 Ra8 33. Kf3 Rb7 34.
h4 Re7 35. g4 Nf6 36. g5 hxg5 37. hxg5 Nh5 38. Re3 Kg8 1/2-1/2

[Event "DEM U10 2016"]
[Site "Willingen GER"]
[Date "2016.05.17"]
[Round "5"]
[White "Huo, Da"]
[Black "Feng, Felix"]
[Result "1-0"]
[Termination "normal"]
[Board "16"]
[WhiteElo "1703"]
[BlackElo "1100"]
[PlyCount "125"]
[WhiteFideId "16221206"]
[BlackFideId "16275179"]
[EventCountry "GER"]
[EventRounds "11"]
[EventType "swiss"]
[EventDate "2016.05.14"]

1. e4 c5 2. Nf3 Nc6 3. d4 cxd4 4. Nxd4 g6 5. c4 Bg7 6. Be3 Nf6 7. Nc3 O-O 8.
Be2 d6 9. Qd2 Nxd4 10. Bxd4 Be6 11. f3 Nd7 12. O-O a6 13. Bxg7 Kxg7 14. Qd4+ f6
15. b3 Qa5 16. Nd5 Bxd5 17. exd5 Qc5 18. Qxc5 Nxc5 19. b4 Nd7 20. f4 Rac8 21.
Rfc1 Rc7 22. Rc2 b5 23. Rac1 Rfc8 24. Bd3 Nb6 25. cxb5 Rxc2 26. Rxc2 Rxc2 27.
Bxc2 axb5 28. Bd3 Nxd5 29. Bxb5 Nxb4 30. a4 e5 31. a5 d5 32. a6 Nxa6 33. Bxa6
d4 34. Kf2 Kf7 35. Bc4+ Ke7 36. fxe5 fxe5 37. Kf3 Kd6 38. Ke4 Kc5 39. Bd3 Kd6
40. Bc4 Kc5 41. Bb3 Kb4 42. Kxe5 Kxb3 43. Kxd4 Kc2 44. g4 Kd2 45. h4 Ke2 46.
Ke4 Kf2 47. Kf4 Kg2 48. Kg5 Kg3 49. h5 Kf3 50. h6 Kg3 51. Kf6 Kxg4 52. Kg7 Kf3
53. Kxh7 g5 54. Kg8 g4 55. h7 g3 56. h8=Q g2 57. Qf6+ Kg3 58. Qa1 Kf2 59. Qb2+
Kg3 60. Qc3+ Kf2 61. Qd2+ Kf3 62. Qe1 Kf4 63. Qf2+ 1-0

[Event "DEM U10 2016"]
[Site "Willingen GER"]
[Date "2016.05.17"]
[Round "5"]
[White "Hagner, Bennet"]
[Black "Sinnhöfer, Joshua"]
[Result "1-0"]
[Termination "normal"]
[Board "17"]
[WhiteElo "1370"]
[BlackElo "1308"]
[PlyCount "103"]
[WhiteFideId "16224477"]
[BlackFideId "16201361"]
[EventCountry "GER"]
[EventRounds "11"]
[EventType "swiss"]
[EventDate "2016.05.14"]

1. e4 e5 2. Nf3 Nc6 3. d4 exd4 4. Nxd4 Bc5 5. Nxc6 bxc6 6. Bc4 Ne7 7. Qh5 d5 8.
O-O Be6 9. exd5 Nxd5 10. Bxd5 Qxd5 11. Qh4 O-O 12. Nc3 Qd4 13. Qg3 Qg4 14. Qxc7
Rac8 15. Qg3 Qg6 16. Qxg6 fxg6 17. Be3 Bxe3 18. fxe3 Rfe8 19. Rae1 Rcd8 20. Rd1
Rb8 21. b3 Bf5 22. e4 Be6 23. Rd6 Rb6 24. Na4 Rbb8 25. Rxc6 Bd7 26. Rc7 Bxa4
27. bxa4 Rb2 28. Rff7 Rb1+ 29. Kf2 Rf8 30. Rxf8+ Kxf8 31. Rxa7 Rb2 32. a5 Rxc2+
33. Kf3 Rxa2 34. a6 Ra3+ 35. Kf4 Ra5 36. g4 g5+ 37. Ke3 h6 38. Kd4 g6 39. e5
Kg8 40. e6 Kf8 41. Rf7+ Kg8 42. a7 h5 43. Rh7 Kxh7 44. e7 hxg4 45. e8=Q Rxa7
46. Ke4 Kh6 47. Qh8+ Rh7 48. Qf8+ Kh5 49. Ke3 Rh6 50. Kf2 Rh7 51. Kg3 Rg7 52.
Qh8+ 1-0

[Event "DEM U10 2016"]
[Site "Willingen GER"]
[Date "2016.05.17"]
[Round "5"]
[White "Rapp, Leonard"]
[Black "Klonov, Jakov"]
[Result "0-1"]
[Termination "normal"]
[Board "18"]
[WhiteElo "1504"]
[BlackElo "1333"]
[PlyCount "92"]
[WhiteFideId "16212428"]
[BlackFideId "16211928"]
[EventCountry "GER"]
[EventRounds "11"]
[EventType "swiss"]
[EventDate "2016.05.14"]

1. e4 c5 2. Nf3 Nc6 3. d4 cxd4 4. Nxd4 g6 5. c4 Bg7 6. Be3 Nf6 7. Nc3 O-O 8.
Be2 Qa5 9. O-O d6 10. f3 Qb6 11. Qd2 Qd8 12. Rfd1 Bd7 13. a3 a6 14. b4 Rc8 15.
Nxc6 Bxc6 16. b5 axb5 17. cxb5 Bd7 18. Rac1 h5 19. h3 Ra8 20. Nb1 Be6 21. Qc2
Rc8 22. Qd2 Bb3 23. Rxc8 Qxc8 24. Rc1 Qd8 25. Qc3 Be6 26. Qc7 Qd7 27. Qxd7 Nxd7
28. Rc7 b6 29. Rb7 Rc8 30. Kf2 Rc2 31. Bxb6 Nxb6 32. Rxb6 Bd4+ 33. Kg3 Bxb6 34.
a4 Rxe2 35. Nc3 Rc2 36. Nd1 Bb3 37. Nf2 Bxf2+ 38. Kh2 Bxa4 39. b6 Bxb6 40. Kh1
Bb5 41. Kh2 Bf1 42. Kh1 Bxg2+ 43. Kh2 Bxf3+ 44. Kg3 Rc3 45. Kh4 f6 46. e5 Bf2#
0-1

[Event "DEM U10 2016"]
[Site "Willingen GER"]
[Date "2016.05.17"]
[Round "5"]
[White "Neuber, Pascal"]
[Black "Scharf, Christian"]
[Result "1-0"]
[Termination "normal"]
[Board "19"]
[WhiteElo "1309"]
[BlackElo "999"]
[PlyCount "49"]
[WhiteFideId "16227611"]
[BlackFideId "16266110"]
[EventCountry "GER"]
[EventRounds "11"]
[EventType "swiss"]
[EventDate "2016.05.14"]

1. e4 e5 2. Nf3 Nc6 3. Bc4 Bc5 4. c3 Nf6 5. d4 exd4 6. cxd4 Bb4+ 7. Nc3 d5 8.
Bb5 Nxe4 9. Bxc6+ bxc6 10. Qa4 Bxc3+ 11. bxc3 Bd7 12. Qb4 Qe7 13. Qxe7+ Kxe7
14. Ba3+ Ke8 15. O-O h5 16. Rfe1 g6 17. Ng5 Bf5 18. f3 f6 19. Nh3 Bxh3 20. gxh3
Rg8 21. fxe4 Kf7 22. exd5 cxd5 23. c4 c6 24. cxd5 cxd5 25. Re7+ 1-0

[Event "DEM U10 2016"]
[Site "Willingen GER"]
[Date "2016.05.17"]
[Round "5"]
[White "Sallandt, Frido"]
[Black "Theile, Cedric"]
[Result "0-1"]
[Termination "normal"]
[Board "20"]
[WhiteElo "1080"]
[BlackElo "1287"]
[PlyCount "56"]
[WhiteFideId "16231767"]
[BlackFideId "16283228"]
[EventCountry "GER"]
[EventRounds "11"]
[EventType "swiss"]
[EventDate "2016.05.14"]

1. e4 c5 2. Nc3 e6 3. Bc4 a6 4. d3 b5 5. Bb3 Bb7 6. f4 d6 7. Nf3 Nd7 8. O-O Be7
9. a3 Qb6 10. Kh1 Ngf6 11. Qe2 Qc7 12. Re1 O-O 13. f5 e5 14. Qf2 Nh5 15. Ne2
Kh8 16. Bg5 Bxg5 17. Nxg5 h6 18. Nxf7+ Kh7 19. f6 Nhxf6 20. g4 c4 21. Qh4 Rxf7
22. Rf1 Nf8 23. g5 Ng6 24. Qh3 Bc8 25. Qe3 Ng4 26. Qg3 hxg5 27. Qh3+ Nh4 28.
Qg3 Kg6 0-1

[Event "DEM U10 2016"]
[Site "Willingen GER"]
[Date "2016.05.17"]
[Round "5"]
[White "Chassard, Cedric"]
[Black "Laube, Jannis"]
[Result "0-1"]
[Termination "normal"]
[Board "21"]
[WhiteElo "833"]
[BlackElo "1495"]
[PlyCount "96"]
[WhiteFideId "16243536"]
[BlackFideId "16205995"]
[EventCountry "GER"]
[EventRounds "11"]
[EventType "swiss"]
[EventDate "2016.05.14"]

1. e4 e5 2. Nf3 Nc6 3. Bc4 Nf6 4. d3 Bc5 5. Nc3 d6 6. Nd5 Be6 7. Bg5 Bxd5 8.
Bxd5 h6 9. Bxc6+ bxc6 10. Be3 Bb6 11. Bxb6 cxb6 12. d4 Nxe4 13. dxe5 dxe5 14.
Qxd8+ Rxd8 15. Nxe5 Rd6 16. Rd1 Rxd1+ 17. Kxd1 Nxf2+ 18. Ke1 Nxh1 19. Nxc6 O-O
20. Nd4 Re8+ 21. Kf1 g5 22. Nf3 Rd8 23. g3 Kg7 24. Kg2 g4 25. Ng1 Nxg3 26. hxg3
Rd2+ 27. Kf1 Rxc2 28. b4 Rxa2 29. Ne2 a5 30. bxa5 bxa5 31. Nd4 Ra4 32. Nc6 f5
33. Ne7 Kf6 34. Ng8+ Kg5 35. Ke2 Re4+ 36. Kd2 a4 37. Kc1 a3 38. Kb1 h5 39. Ka2
Re2+ 40. Kxa3 Re3+ 41. Kb2 Rxg3 42. Kc2 f4 43. Kd1 f3 44. Ke1 h4 45. Ne7 h3 46.
Kf2 Rg2+ 47. Kf1 h2 48. Ke1 h1=Q# 0-1

[Event "DEM U10 2016"]
[Site "Willingen GER"]
[Date "2016.05.17"]
[Round "5"]
[White "Amato, Cristiano"]
[Black "Frank, Marian"]
[Result "1/2-1/2"]
[Termination "normal"]
[Board "22"]
[WhiteElo "1187"]
[BlackElo "1101"]
[PlyCount "106"]
[WhiteFideId "12998460"]
[BlackFideId "16245059"]
[EventCountry "GER"]
[EventRounds "11"]
[EventType "swiss"]
[EventDate "2016.05.14"]

1. e4 e5 2. Nf3 Nc6 3. Bc4 Bc5 4. d3 Nf6 5. c3 a6 6. O-O Na5 7. Nxe5 d6 8. Nxf7
Qe7 9. Nxh8 Nxc4 10. dxc4 Qf8 11. Ng6 hxg6 12. Nd2 Ng4 13. Nf3 Be6 14. Qe2
O-O-O 15. Ng5 Bd7 16. b4 Ba7 17. b5 axb5 18. cxb5 Bxb5 19. Qxg4+ Rd7 20. Ne6
Qf6 21. c4 Bxc4 22. Nf4 Bxf1 23. Kxf1 Qxa1 24. Ne2 Qxa2 25. Qxg6 Qa4 26. Bd2
Qa1+ 27. Be1 Qf6 28. Qg3 Qe5 29. Qa3 Qc5 30. Qg3 Qc4 31. Qa3 Qa6 32. Qh3 c5 33.
f4 Qc4 34. e5 dxe5 35. fxe5 Qf7+ 36. Qf3 Qxf3+ 37. gxf3 Re7 38. Bc3 b5 39. Nf4
b4 40. Bb2 c4 41. Nd5 Rb7 42. e6 c3 43. Nxc3 bxc3 44. Bxc3 Re7 45. h4 Rxe6 46.
Bxg7 Re3 47. h5 Rxf3+ 48. Kg2 Rf2+ 49. Kg3 Rf7 50. h6 Kd7 51. Kh4 Rf1 52. Kh5
Rh1+ 53. Kg6 Rxh6+ 1/2-1/2

[Event "DEM U10 2016"]
[Site "Willingen GER"]
[Date "2016.05.17"]
[Round "5"]
[White "Langer, Paul Georg"]
[Black "Lenz, Joshua"]
[Result "1-0"]
[Termination "normal"]
[Board "23"]
[WhiteElo "1170"]
[BlackElo "1086"]
[PlyCount "117"]
[WhiteFideId "16230051"]
[BlackFideId "16256956"]
[EventCountry "GER"]
[EventRounds "11"]
[EventType "swiss"]
[EventDate "2016.05.14"]

1. e4 e6 2. d4 d5 3. exd5 exd5 4. Bd3 Bd6 5. Ne2 Ne7 6. c3 Bf5 7. Bxf5 Nxf5 8.
Bf4 O-O 9. O-O Bxf4 10. Nxf4 Qg5 11. Nh3 Qh6 12. Qf3 Nh4 13. Qxd5 c6 14. Qg5
Nf3+ 15. gxf3 Qxh3 16. Qg3 Qh6 17. Kh1 Nd7 18. Rg1 g6 19. f4 Nf6 20. Nd2 Rae8
21. Rae1 Qh5 22. Qg5 Rxe1 23. Rxe1 Qxg5 24. fxg5 Ng4 25. Kg2 f6 26. h3 Nxf2 27.
Kxf2 fxg5+ 28. Kg3 h5 29. Ne4 h4+ 30. Kg4 Rf5 31. Nxg5 Rb5 32. b4 a5 33. a4 Rd5
34. Re8+ Kg7 35. Re5 axb4 36. Rxd5 cxd5 37. cxb4 Kf6 38. Kf4 b6 39. a5 Ke7 40.
a6 Kd7 41. a7 Kc6 42. a8=Q+ Kd6 43. Qd8+ Kc6 44. Ne6 g5+ 45. Kxg5 Kb5 46. Nc7+
Kxb4 47. Nxd5+ Kc4 48. Nxb6+ Kb5 49. Qd5+ Kxb6 50. Qc5+ Kb7 51. Kf6 Ka6 52. d5
Kb7 53. d6 Ka6 54. d7 Kb7 55. Ke6 Ka6 56. Qb4 Ka7 57. Qb5 Ka8 58. d8=N Ka7 59.
Qb7# 1-0

[Event "DEM U10 2016"]
[Site "Willingen GER"]
[Date "2016.05.17"]
[Round "5"]
[White "Bakiyev, Diyar"]
[Black "Amrhein, Dennis"]
[Result "1-0"]
[Termination "normal"]
[Board "24"]
[WhiteElo "1027"]
[BlackElo "1132"]
[PlyCount "127"]
[WhiteFideId "16230531"]
[BlackFideId "16254570"]
[EventCountry "GER"]
[EventRounds "11"]
[EventType "swiss"]
[EventDate "2016.05.14"]

1. e4 d5 2. exd5 Qxd5 3. Nc3 Qa5 4. d3 c6 5. Nf3 Bg4 6. Bd2 e6 7. a3 Qc7 8. Be2
Nf6 9. O-O Bd6 10. h3 Bxf3 11. Bxf3 O-O 12. Bg5 Nbd7 13. Ne4 Nxe4 14. Bxe4 h6
15. Be3 Rfd8 16. Qg4 Nf6 17. Qf3 Nxe4 18. Qxe4 Be5 19. d4 Bf6 20. c3 Rd7 21.
Qg4 Kh8 22. Qg3 Qb6 23. Rab1 Qb5 24. Qf3 Rad8 25. Bxh6 e5 26. dxe5 Bxe5 27. Bg5
Rf8 28. Qg4 Rd5 29. c4 Bh2+ 30. Kxh2 Rxg5 31. cxb5 Rxg4 32. hxg4 cxb5 33. Kg3
Kg8 34. Rh1 f6 35. Rbc1 Rb8 36. Rhd1 a5 37. Rc7 b6 38. Rdd7 g5 39. Rb7 Ra8 40.
Rxb6 b4 41. Rdb7 Kh8 42. Rb8+ Rxb8 43. Rxb8+ Kg7 44. axb4 axb4 45. Rxb4 Kf7 46.
f4 gxf4+ 47. Kxf4 Ke6 48. g5 fxg5+ 49. Kxg5 Kd6 50. Rb5 Kc6 51. Rf5 Kd6 52. Kf4
Ke6 53. g4 Kd6 54. g5 Ke6 55. Ke4 Kd6 56. b4 Ke6 57. Rf6+ Ke7 58. Ke5 Kd7 59.
b5 Ke7 60. g6 Kd7 61. b6 Ke7 62. Rf7+ Ke8 63. Kd6 Kd8 64. Rf8# 1-0

[Event "DEM U10 2016"]
[Site "Willingen GER"]
[Date "2016.05.17"]
[Round "5"]
[White "Müller, Linus"]
[Black "Müller, Maximilian"]
[Result "1-0"]
[Termination "normal"]
[Board "26"]
[WhiteElo "1077"]
[BlackElo "784"]
[PlyCount "93"]
[WhiteFideId "16245946"]
[BlackFideId "16243552"]
[EventCountry "GER"]
[EventRounds "11"]
[EventType "swiss"]
[EventDate "2016.05.14"]

1. e4 e5 2. Nf3 Nc6 3. Bb5 Nf6 4. d3 Bc5 5. c3 a6 6. Ba4 d6 7. d4 exd4 8. cxd4
Bb4+ 9. Bd2 Bxd2+ 10. Nbxd2 Bd7 11. O-O O-O 12. Re1 Bg4 13. Bxc6 bxc6 14. Nb3
a5 15. e5 dxe5 16. Rxe5 a4 17. Nc5 Rb8 18. Nxa4 Rb4 19. h3 Rxd4 20. Qxd4 Qxd4
21. Nxd4 Bd7 22. Rc1 c5 23. Nxc5 Rd8 24. Nb7 Rb8 25. Rxc7 Ba4 26. Nc6 Bxc6 27.
Rxc6 Nd7 28. Rb5 h6 29. g4 Nf6 30. Nd6 Rf8 31. a4 Ra8 32. a5 g5 33. Rc8+ Rxc8
34. Nxc8 Nd7 35. a6 Nf6 36. a7 Ne4 37. a8=Q Nf6 38. Ne7+ Kg7 39. Nf5+ Kg6 40.
f4 gxf4 41. Nh4+ Kg7 42. Qd8 f3 43. Rf5 f2+ 44. Kxf2 Ne4+ 45. Ke3 Nf6 46. Qxf6+
Kh7 47. Qxf7+ 1-0